|
|
|
|
| LEADER |
00648cam a2200181 7i4500 |
| 001 |
0000010144 |
| 005 |
20131203090000.0 |
| 008 |
090405s1994 |
| 020 |
0 |
0 |
|a 9839119168
|
| 090 |
0 |
0 |
|a TD 194.68
|b .M3 1994
|
| 110 |
1 |
0 |
|a Malaysia. Department of Environment
|
| 245 |
1 |
0 |
|a Environmental impact assessment :
|b guidelines for coastal resort development projects.
|
| 260 |
0 |
0 |
|a Kuala Lumpur:
|b Department of Environment:
|b Erinco,
|c 1994.
|
| 300 |
|
|
|a various pagings:
|b 30cm.
|
| 500 |
0 |
0 |
|a Cover: EG 5/94
|
| 650 |
0 |
0 |
|a Environmental protection --
|z Malaysia
|
| 650 |
0 |
0 |
|a Environmental impact analysis --
|z Malaysia
|
| 999 |
|
|
|a 1000404121
|b Book
|c Rujukan
|e KOLEKSI RUJUKAN
|